000 00548nam a2200181Ia 4500
003 3228
005 20250710104455.0
008 210817s9999 xx e 000 1 AFR d
020 _a9780624052821
_qPaperback (pbk)
040 _aRDA
_c3228
082 _aAF DUTO
100 _adu Toit, Louisa
_96609
245 0 _aLouisa du Toit omnibus 5 /
_cLouisa du Toit
260 _aKaapstad
_bJasmyn
_c2011
300 _a511 Pages;
_c21 cm.
500 _aTitels; * Skepe in die nag * Die huis langsaan * Soetendal se mense * Die goue vuur
942 _cBK
_2ddc
_y245
_zIzakina Blanche
999 _c240992
_d240991